<?xml version="1.0" encoding="UTF-8"?><?xml-stylesheet type="text/xsl" href="static/style.xsl"?><OAI-PMH xmlns="http://www.openarchives.org/OAI/2.0/" xmlns:xsi="http://www.w3.org/2001/XMLSchema-instance" xsi:schemaLocation="http://www.openarchives.org/OAI/2.0/ http://www.openarchives.org/OAI/2.0/OAI-PMH.xsd"><responseDate>2026-04-17T02:59:56Z</responseDate><request verb="GetRecord" identifier="oai:www.recercat.cat:2445/216849" metadataPrefix="marc">https://recercat.cat/oai/request</request><GetRecord><record><header><identifier>oai:recercat.cat:2445/216849</identifier><datestamp>2025-11-19T10:59:56Z</datestamp><setSpec>com_2072_1057</setSpec><setSpec>col_2072_478821</setSpec><setSpec>col_2072_478917</setSpec></header><metadata><record xmlns="http://www.loc.gov/MARC21/slim" xmlns:dcterms="http://purl.org/dc/terms/" xmlns:xsi="http://www.w3.org/2001/XMLSchema-instance" xmlns:doc="http://www.lyncode.com/xoai" xsi:schemaLocation="http://www.loc.gov/MARC21/slim http://www.loc.gov/standards/marcxml/schema/MARC21slim.xsd">
   <leader>00925njm 22002777a 4500</leader>
   <datafield ind2=" " ind1=" " tag="042">
      <subfield code="a">dc</subfield>
   </datafield>
   <datafield ind2=" " ind1=" " tag="720">
      <subfield code="a">Ing, Gabriel</subfield>
      <subfield code="e">author</subfield>
   </datafield>
   <datafield ind2=" " ind1=" " tag="720">
      <subfield code="a">Stewart, Andrew</subfield>
      <subfield code="e">author</subfield>
   </datafield>
   <datafield ind2=" " ind1=" " tag="720">
      <subfield code="a">Battaglia, Giuseppe</subfield>
      <subfield code="e">author</subfield>
   </datafield>
   <datafield ind2=" " ind1=" " tag="720">
      <subfield code="a">Ruiz-Perez, Lorena</subfield>
      <subfield code="e">author</subfield>
   </datafield>
   <datafield ind2=" " ind1=" " tag="260">
      <subfield code="c">2024-11-29T16:44:16Z</subfield>
   </datafield>
   <datafield ind2=" " ind1=" " tag="260">
      <subfield code="c">2024-11-29T16:44:16Z</subfield>
   </datafield>
   <datafield ind2=" " ind1=" " tag="260">
      <subfield code="c">2023-10-05</subfield>
   </datafield>
   <datafield ind2=" " ind1=" " tag="260">
      <subfield code="c">2024-11-29T16:44:16Z</subfield>
   </datafield>
   <datafield ind2=" " ind1=" " tag="520">
      <subfield code="a">Introducing SimpliPyTEM, a Python library and accompanying GUI that simplifies the post-acquisition evaluation of transmission electron microscopy (TEM) images, helping streamline the workflow. After an imaging session, a folder of image and/or video files, typically containing low contrast and large file size 32-bit images, can be quickly processed via SimpliPyTEM into high-quality, high-contrast.jpg images with suitably sized scale bars. The app can also generate HTML or PDF files containing the processed images for easy viewing and sharing. Additionally, SimpliPyTEM specifically focuses on &lt;em>in situ&lt;/em> TEM videos, an emerging field of EM involving the study of dynamic processes whilst imaging. The package allows fast data processing into preview movies, averages, image series, or motion-corrected averages. The accompanying Python library offers many standard image processing methods, all simplified to a single command, plus a module to analyse particle morphology and population. This latter application is particularly useful for life sciences investigations. User-friendly tutorials and clear documentation are included to help guide users through the processing and analysis. We invite the EM community to contribute to and further develop this open-source package.</subfield>
   </datafield>
   <datafield tag="653" ind2=" " ind1=" ">
      <subfield code="a">Microscòpia electrònica de transmissió</subfield>
   </datafield>
   <datafield tag="653" ind2=" " ind1=" ">
      <subfield code="a">Microscòpia electrònica</subfield>
   </datafield>
   <datafield tag="653" ind2=" " ind1=" ">
      <subfield code="a">Transmission electron microscopy</subfield>
   </datafield>
   <datafield tag="653" ind2=" " ind1=" ">
      <subfield code="a">Electron microscopy</subfield>
   </datafield>
   <datafield ind2="0" ind1="0" tag="245">
      <subfield code="a">SimpliPyTEM: An open-source Python library and app to simplify transmission electron microscopy and TEM image analysis</subfield>
   </datafield>
</record></metadata></record></GetRecord></OAI-PMH>